Sistemas de informações gerenciais : (Record no. 958)

MARC details
000 -LÍDER
Campo Fixo de Controle 00843nam a2200253 a 4500
001 - NÚMERO DE CONTROLE
Campo de Controle 958
003 - IDENTIFICAÇÃO DO NÚMERO DE CONTROLE
Campo de Controle BR-CuiBMT
005 - DATA E HORA DA ÚLTIMA ATUALIZAÇÃO
Campo de Controle 20231124003345.0
008 - DADOS FIXOS
Dados Fixos 231123s1998 spba 000 0 por d
020 ## - INTERNATIONAL STANDARD BOOK NUMBER
Nº do ISBN 8522419906
040 ## - AGÊNCIA CATALOGADORA
Código da Agência Catalogadora BR-CuiBMT
Agência que transcreveu o registro BR-CuiBMT
080 ## - Nº DA CLASSIFICAÇÃO DECIMAL UNIVERSAL
Nº edição CDU 2007
Nº Class. CDU 658:001.102
090 ## - NÚMERO DE CHAMADA
Nº classificação 658:001.102
Cutter O48s
Ano/Edição 5. ed.
100 1# - ENTRADA PRINCIPAL -- AUTOR PESSOAL
Nome pessoal Oliveira, Djalma de Pinho Rebouças de,
Datas associadas ao nome 1943-
245 10 - TÍTULO PRINCIPAL
Título principal Sistemas de informações gerenciais :
Subtítulo estratégias, táticas, operacionais /
Indicação de responsabilidade Djalma de Pinho Rebouças de Oliveira.
250 ## - EDIÇÃO
Edição 5. ed.
260 ## - PUBLICAÇÃO, DISTRIBUIÇÃO, ETC.
Local de publicação São Paulo :
Editora Atlas,
Data 1998.
300 ## - DESCRIÇÃO FÍSICA
N. páginas ou volumes 275 p. :
Ilustrações il. ;
Dimensões 24 cm
504 ## - NOTA DE BIBLIOGRAFIA, ETC.
Nota de bibliografia Inclui bibliografia.
650 ## - ASSUNTO TÓPICO
Cabeçalho tópico ou nome geográfico Sistemas de informação gerencial
650 ## - ASSUNTO TÓPICO
Cabeçalho tópico ou nome geográfico Tecnologia da informação
Subdivisão geral Governança
650 ## - ASSUNTO TÓPICO
Cabeçalho tópico ou nome geográfico Sistemas de informação
Subdivisão geral Administração
942 ## - ELEMENTOS DE ENTRADA ADICIONAIS (KOHA)
Fonte de classificação ou esquema de arquivamento Classificação Decimal Universal
Tipo de item do Koha Livros
Holdings
Estado: removido Estado: perdido Fonte de classificação ou esquema de arquivamento Estado: danificado Indisponível para empréstimo Localização permanente Localização atual Data de aquisição Total Checkouts Número de Chamada completo Código de barras Date last seen Número do exemplar Preço efetivo a partir de Tipo de item (Koha)
    Classificação Decimal Universal     Biblioteca da Escola Superior de Contas do TCE/MT Biblioteca da Escola Superior de Contas do TCE/MT 23/11/2023   658:001.102 O48s 5. ed. BIBTCEMT23111018 23/11/2023 Ex. 1 23/11/2023 Livros

Powered by Koha